Normal view
MARC view
- التاريخ الاسلامي-الفتوحات الاسلامية-الاندلس
Entry Topical Term
001 - CONTROL NUMBER
- control field: 60723
003 - CONTROL NUMBER IDENTIFIER
- control field: JO-AjAnu
005 - DATE AND TIME OF LATEST TRANSACTION
- control field: 20230606083926.0
008 - FIXED-LENGTH DATA ELEMENTS
- fixed length control field: 230606|| aca||aabn | a|a d
040 ## - CATALOGING SOURCE
- Original cataloging agency: JO-AjAnu
- Transcribing agency: JO-AjAnu
150 ## - HEADING--TOPICAL TERM
- Topical term or geographic name entry element: التاريخ الاسلامي-الفتوحات الاسلامية-الاندلس
670 ## - SOURCE DATA FOUND
- Source citation: Work cat.: (JO-AjAnu)30965: السامرائي، فراس سليم, author 60722, تاريخ المسلمون السياسي والحضاري في بلاد الاندلس(91-897هـ/710-1492مـ)